| 000 | 00457cam a2200169ua 4500 | ||
|---|---|---|---|
| 020 | _a0-13-506163-6 | ||
| 041 |
_aeng _h |
||
| 082 |
_a631.587003 _bCUE/IR |
||
| 100 | _aCuenca, Richard H . | ||
| 245 |
_aIrrigation system design: An engineering approach / _cRichard H Cuenca. _hTextual Documents |
||
| 260 |
_aNew Jersey : _bPrentice Hall Inc , _c1989. |
||
| 300 | _a552 ; . | ||
| 500 | _a**Reference | ||
| 504 | _a | ||
| 942 | _cBK | ||
| 999 |
_c6899 _d6899 |
||